000 00671nam a2200181 4500
001 135772
003 ES-MaACL
005 20230906194944.0
007 t|
008 070214s1904 mx r ||||1| spa d
100 1 _aRoumagnac, Carlos.
_9100028
245 1 0 _aPor los mundos del delito
_b: los crímenes en México : ensayo de psicología criminal /
_cCarlos Roumagnac ; seguido de dos casos de hermafrodismo observados por los señores doctores Ricardo Egea, Ignacio Ocampo.
260 _aMéxico :
_bEl Fénix,
_c1904.
300 _a389 p., 39 lám. ;
_c20 cm.
700 1 _aEgea, Ricardo.
_946707
700 1 _aOcampo, Ignacio.
_986439
852 _aES-MaACL
_jG-1895
999 _c135772
_d135772